Регионална библиотека "Любен Каравелов" - Русе

Какво разказват българските пощенски марки (Запис номер 44341)

MARC детайли
000 -Лидер
Контролно поле с фиксирана дължина 01343nam a2200325 c 4500
003 - Код на организацията, давaща контролен номер
Контролно поле BLK
005 - Дата и час на последна редакция
Контролно поле 20240521133442.0
008 - Елементи от данни с фиксирана дължина
fixed length control field 180408b bul|||||r ||||||| ||bul||
010 ## - Наследен системен номер
LC control number KNG00048106000
040 ## - Източник на каталожния запис
Идентификатор на билиотеката - собственик на записа BLK
041 ## - Код за език
Код за езика на текст/звукозапис или на отделно заглавие Български
Код за езика КДБФ Български
080 ## - УДК
Текстов определител УДК Предплащане на пощенски услуги. Франкировка. Пощенски марки. Филателия
УДК код - определител по УДК 656.835
УДК определител (497.2)
УДК - код + определител 656.835(497.2)
100 1# - Редна дума - Автор
Автор Наумов, Любен Крумов
Авторска отговорност първи автор
R(LIN) 279334
139 ## - Редно поле
Редна дума Наумов, Любен Крумов и др.
Авторски знак Наум - Н 32
245 10 - Сведения за заглавието
Заглавие Какво разказват българските пощенски марки
Редно поле (дума) Любен Крумов Наумов; съавт. Славе Георгиев Шейтанов.
257 ## - Страна на издаване
Страна на създаване/издаване България
260 ## - Област на издателските данни
-- София
Име на издателя, разпространителя и проч. Наука и изкуство
Година на издаване 1964
Печатница София : Д. Благоев
300 ## - Физическа характеристика
Страници 267 с.
Илюстрации и др. с ил.
Размери/Мащаб 17 см
380 ## - Жанр
Жанр Техника
650 #4 - Допълнително описание по предмет – тема
Основно описание – тема или топоним Пощенски марки
9 (RLIN) 248148
653 ## - Ключова дума – ненормативна
Ключова дума пощенски марки
653 ## - Ключова дума – ненормативна
Ключова дума България
700 1# - Други автори (авторска отговорност)
Лично име Шейтанов, Славе Георгиев
Автороска отговорност (Описва отношението между автора и произведението) съавт.
9 (RLIN) 279335
852 ## - Местоположение
Форматна сигнатура Цб І 6623
856 4# - Електронен адрес и достъп
Електронен формат pdf - файл
Път до файла /url/
856 4# - Електронен адрес и достъп
Електронен формат pdf - файл
Път до файла /url/
942 ## - АРТИКУЛИ
Вид на библиотечния материал Книги
Скрит в OPAC Не
Koha issues (borrowed), all copies 1
944 ## - СЪЗДАВАНЕ И РЕДАКЦИЯ на ЗАПИСА
Създаване/Редакция Създаване
Дата на регистрацията/редакция 08.02.2005
Служител, извършил регистрацията/редакцията 30558
Статус, дата на статуса Валя Йорданова
944 ## - СЪЗДАВАНЕ И РЕДАКЦИЯ на ЗАПИСА
Създаване/Редакция Редакция
Дата на регистрацията/редакция 27.02.2013
Служител, извършил регистрацията/редакцията
999 ## - СИСТЕМНИ КОНТРОЛНИ НОМЕРА
Koha biblionumber 44341
Koha biblioitemnumber 44341
Наличности
Код за отписване Код за изгубен артикул Източник на класификационната схема Код за повреда Коз за рестрикции Код за отдаване Артикулен № Име на библиотеката - собственик Име на библиотеката, в която се намира в момента Статус (Текущо местоположение) Дата на вписване в системата Местоположение - отдел Цена в лева Инвентарен номер Систематично азбучна сигнатура Баркод Номер на екземпляра Цена в евро Служебна бележка Служебен тип на артикула
Изтеглен Не е изгубен Universal Decimal Classification Не е повреден без рестрикции ползва се в читалня 69746 Регионална библиотека "Любен Каравелов" Русе Регионална библиотека "Любен Каравелов" Русе Читалня 2005-02-08 Читалня 3.00 120000691622 Ч 656/Н 32 120000691622 1 1.53 Дост: DA Вид: А N: 3 Дата: 07.02.2005 Дата инв: 23.03.2017 Бележки инв: Ч2017 Книги
  Не е изгубен Universal Decimal Classification Не е повреден само за читалня ползва се в читалня 69747 Регионална библиотека "Любен Каравелов" Русе Регионална библиотека "Любен Каравелов" Русе Хранилище 1964-01-01 Хранилище 0.63 3782/64 Цб І 6623 900000013470 2 0.32 Дост: Dp Вид: Д N: стар фонд Дата: 01.01.1964 Книги
Изтеглен Не е изгубен   Не е повреден без рестрикции заемане за дома 69748 Регионална библиотека "Любен Каравелов" Русе Регионална библиотека "Любен Каравелов" Русе Заемна - подръчен фонд 1964-01-01 Заемна - подръчен фонд 0.00 4080/64 П 656.8/Н 32 4080/64 3 0.00 Дост: Pk Вид: Ф N: стар фонд Дата: 01.01.1964 Книги
Изтеглен Не е изгубен Universal Decimal Classification Не е повреден без рестрикции заемане за дома 69749 Регионална библиотека "Любен Каравелов" Русе Регионална библиотека "Любен Каравелов" Русе Заемна - подръчен фонд 1964-01-01 Заемна - подръчен фонд 0.00 4082/64 П 656.8/Н 32 4082/64 4 0.00 Дост: Pk Вид: Ф N: стар фонд Дата: 01.01.1964 Книги
Изтеглен Не е изгубен Universal Decimal Classification Не е повреден без рестрикции заемане за дома 69750 Регионална библиотека "Любен Каравелов" Русе Регионална библиотека "Любен Каравелов" Русе Заемна - подръчен фонд 1964-01-01 Заемна - подръчен фонд 0.00 3973/64 П 656.8/Н 32 3973/64 5 0.00 Дост: Pk Вид: Ф N: стар фонд Дата: 01.01.1964 Книги
Изтеглен Не е изгубен Universal Decimal Classification Не е повреден без рестрикции заемане за дома 69751 Регионална библиотека "Любен Каравелов" Русе Регионална библиотека "Любен Каравелов" Русе Заемна - подръчен фонд 1964-01-01 Заемна - подръчен фонд 2.40 634640 П 656.8/Н 32 634640 6 1.23 Дост: Pk Вид: Ф N: стар фонд Дата: 01.01.1964 Дата инв: 06.02.2018 Бележки инв: П2018 Книги
Vip Innovations Ltd, Rousse, Bulgaria 2025